Cenová regulácia, jej podstata a účel v cenotvorbe vo vybraných sektoroch ekonomiky Slovenska diplomová práca

Guardado en:
Detalles Bibliográficos
Autor principal: Nôžková, Nina
Autor Corporativo: Fakulta podnikového manažmentu EU. Katedra podnikovohospodárska
Otros Autores: Kufelová, Iveta, 1970-
Formato: Libro
Lenguaje:eslovaco
Publicado: Bratislava 2022
Etiquetas: Agregar Etiqueta
Sin Etiquetas, Sea el primero en etiquetar este registro!

MARC

LEADER 00000nbm a2200000 4500
001 0285607
005 20230216100155.6
041 0 |a slo 
044 |a SK 
245 1 0 |a Cenová regulácia, jej podstata a účel v cenotvorbe vo vybraných sektoroch ekonomiky Slovenska  |b diplomová práca  |c Nina Nôžková ; školiteľ: Iveta Kufelová 
264 1 |a Bratislava  |c 2022 
300 |a 67 s. 
100 1 |a Nôžková, Nina 
700 1 |a Kufelová, Iveta, 1970- 
710 2 |a Fakulta podnikového manažmentu EU. Katedra podnikovohospodárska